Ultimate Hitman - World of Assassination Quiz - Statistics

General Stats
  • This quiz has been taken 105 times
  • The average score is 40 of 195
Answer Stats
% Correct
Which country is the Prologue located in? Greenland / Denmark
76%
Which country is this Mission located in? France
68%
In what city does it take place? Paris
66%
What is the name of target 1#? Viktor Novikov
59%
What country does target 1# originally come from? Russia
54%
What is the name of target 2#? Dalia Margolis
51%
At what destination does it take place? ICA-Facility
51%
What is the name of this Mission? Showstopper
51%
Which country is this Mission located in? Italy
46%
In what village does it take place? Sapienza
44%
What is the name of the target? Kalvin Ritter
41%
Which country is this Mission located in? Morocco
41%
What country does target 1# originally come from? Italy
39%
What country does target 2# originally come from? Italy
39%
What is the name of the target? Jasper Knight
39%
In what city does it take place? Marrakech
39%
What is the name of target 1#? Silvio Caruso
39%
What is the mission name of the last exam? The Final Test
39%
In what city does it take place? Bangkok
37%
What is the name of target 2#? Ken Morgan
37%
Which country is this Mission located in? Thailand
37%
What is the name of target 1#? Claus Hugo Strandberg
34%
Which country is the last exam originally lacated in? Cuba
34%
What is the name of target 2#? Francesca De Santis
34%
What is the name of target 1#? Jordan Cross
34%
In what state does it take place? Colorado
32%
What is the name of target 1#? Sean Rose
32%
What country does the target originally come from? United States
32%
Which country is this Mission located in? United States
32%
What is the name of this Mission? World of Tomorrow
32%
What is the name of this Mission? A Gilded Cage
29%
What is the name of target 2#? Ezra Berg
29%
In what region does it take place? Hokkaido
29%
Which country is this Mission located in? Japan
29%
What country does target 2# originally come from? Morocco
29%
What is the name of target 2#? Reza Zeydan
29%
What is the nickname of the target? The Sparrow
29%
Which country is the training mission originally located in? Australia
27%
What is the name of this Mission? Club 27
27%
What is the name of target 1#? Erich Soders
27%
What is the name of this Mission? Freedom Fighters
27%
What kind of training gets Agent 47 offerd after that? Freeform Training
27%
What country does target 2# originally come from? Japan
27%
In what city does it take place? Miami
27%
Which country is this Mission located in? New Zealand
27%
What is the name of target 1#? Robert Knox
27%
What is the name of target 2#? Sierra Knox
27%
What country does target 1# originally come from? Sweden
27%
In what city does it take place? Sydney
27%
What country does target 1# originally come from? United States
27%
Which country is this Mission located in? United States / Florida
27%
Which country is this Mission located in? Argentina
24%
Which country is this Mission located in? Colombia
24%
At what bay does it take place? Hawkes Bay
24%
What is the name of target 1#? Hush
24%
In what city does it take place? Mendoza
24%
What is the name of this Mission? Nightcall
24%
What is the name of target 3#? Penelope Graves
24%
Which country is this Mission located in? Romania
24%
In what village does it take place? Santa Fortuna
24%
What is the nickname of target 2#? The Lawyer
24%
What country does target 2# originally come from? United Kingdom
24%
What country does target 1# originally come from? United States
24%
What country does target 2# originally come from? United States
24%
What is the name of target 2#? Yuki Yamazaki
24%
What is the name of the target? Alexa Carlisle
22%
What is the name of the target? Alma Reynard
22%
What is the name of this Mission? Apex Predator
22%
What is the name of the target? Arthur Edwards
22%
What country does target 1# originally come from? Australia
22%
In what city does it take place? Berlin
22%
What is the name of target 1#? Carl Ingram
22%
Which country is this Mission located in? China
22%
In what city does it take place? Chongqing
22%
What is the name of target 2#? Dawood Rangan
22%
In what city does it take place? Dubai
22%
Which country is this Mission located in? Germany
22%
What kind of training gets Agent 47 send to first? Guided Training
22%
What is the name of target 2#? Imogen Royce
22%
Which country is this Mission located in? India
22%
What is the name of target 1#? Janus
22%
What is the name of target 3#? Jorge Franco
22%
What is the name of target 4#? Maya Parvati
22%
In what city does it take place? Mumbai
22%
What is the name of target 2#? Nolan Cassidy
22%
What is the name of target 1#? Rico Delgado
22%
What is the name of this Mission? Situs Inversus
22%
What is the name of target 2#? Tamara Vidal
22%
What is the nickname of the target? The Constant
22%
What is the nickname of target 2#? The General
22%
What is the name of this Mission? Three-headed Serpent
22%
Which country is this Mission located in? United Arab Emirates
22%
Which country is this Mission located in? United Kingdom
22%
What country does this target originally come from? United Kingdom
22%
What country does target 1# originally come from? United States
22%
What country does target 2# originally come from? United States
22%
Which country is this Mission located in? United States / Vermont
22%
In what village does it take place? Whittleton Creek
22%
What is the name of target 1#? Zoe Washington
22%
What is the name of target 2#? Andrea Martinez
20%
What is the name of this Mission? Another Life
20%
In what region does it take place? Carpathian Mountains
20%
What country does target 2# originally come from? Chile
20%
What country does target 3# originally come from? Chile
20%
What country does target 1# originally come from? Chile / Colombia
20%
In what region does it take place? Dartmoor
20%
What is the name of this Mission? Death in the Family
20%
What is the name of target 1#? Don Archibald Yates
20%
What country does target 1# originally come from? India
20%
What country does target 2# originally come from? India
20%
What country does target 3# originally come from? India
20%
On what island does it take place? Isle of Sgàil
20%
What country does target 2# originally come from? Israel
20%
What is the name of target 2#? Marcus Stuyvesant
20%
What country does target 1# originally come from? Russia / Ukraine / Belarus
20%
What is the name of this Mission? The Finishline
20%
What country does target 3# originally come from? United Kingdom
20%
What country does target 2# originally come from? United States
20%
What country does target 1# originally come from? United States
20%
What country does target 1# originally come from? United States
20%
What is the name of this Mission? Untouchable
20%
What is the name of target 1#? Vanya Shah
20%
What country does target 2# originally come from? Argentina / Germany
17%
What is the name of this Mission? Ark Society
17%
What is the name of this Mission? Chasing a Ghost
17%
What is the name of this Mission? End of an Era
17%
What country does target 2# originally come from? Israel
17%
What country does target 2# originally come from? Netherlands / Germany
17%
What is the name of target 2#? Sofia Washington
17%
What is the nickname of target 1#? The Banker
17%
What is the nickname of target 3#? The Ghost / The Maelstrom
17%
What country does this target originally come from? United Kingdom
17%
What is the name of target 3#? Wazir Kale
17%
What country does the target originally come from? Barbados
15%
Which region is this Mission located in? North Atlantik / Scotland / United Kingdom
15%
What is the name of this Mission? On Top of the World
15%
What country does target 4# originally come from? Sri Lanka
15%
What is the name of this Mission? The Farewell
15%
What is the nickname of target 1#? The Queen
15%
What is the nickname of target 1#? The Rockstar
15%
What is the nickname of target 2#? The Scientist
15%
What is the name of target Agent G.? Agent Green
12%
What is the name of target Agent S.? Agent Swan
12%
What is the nickname of target 1#? The Genius
12%
What is the nickname of target 2#? The Mastermind
12%
What is the nickname of target 1#? The Moneyman
12%
What country does target 2# originally come from? United Kingdom / Hong Kong
12%
What is the name of target Agent M.? Agent Montgomery
10%
What country does this target originally come from? Spain
10%
What is the nickname of target 1#? The Past
10%
What is the name of target Agent B.? Agent Banner
7%
What is the name of target Agent P.? Agent Price
7%
What is the name of target Agent Th.? Agent Thames
7%
What is the name of target Agent Tr.? Agent Tremaine
7%
What country does Agent B. originally come from? Greece
7%
What country does target 1# originally come from? Khandayang / South Korea
7%
What country does target 1# originally come from? South Africa
7%
What is the nickname of target 3#? The Analyst
7%
What is the nickname of target 1#? The Boss
7%
What is the nickname of target 2#? The Herold
7%
What is the nickname of target 2#? The Present
7%
What is the name of target Agent C.? Agent Chamberlin
5%
What is the name of target Agent D.? Agent Davenport
5%
What is the name of target Agent R.? Agent Rhodes
5%
What is the nickname of target 3#? The Cook
5%
What is the nickname of target 2#? The Face
5%
What is the nickname of target 4#? The Instructor
5%
What is the nickname of target 1#? The Inventor
5%
What is the nickname of Agent G.? The Scout
5%
What is the nickname of target 2#? The Showman
5%
What is the nickname of Agent Tr.? The Sniper
5%
What is the nickname of Agent R.? The Veteran
5%
What is the name of target Agent L.? Agent Lowenthal
2%
What is the nickname of the target? Tactical Turtleneck
2%
What is the nickname of target 2#? The Archivist
2%
What is the nickname of target 1#? The Commander
2%
What is the nickname of target 1#? The Cyberterrorist
2%
What is the nickname of target 2#? The Daredevil
2%
What is the nickname of Agent L.? The Englishman
2%
What is the nickname of target 2#? The Interegator
2%
What is the nickname of Agent C.? The Joker
2%
What is the nickname of target 1#? The Kingmaker
2%
What is the nickname of Agent M.? The Leader
2%
What is the nickname of the target? The Mastermind
2%
What is the nickname of the target? The Matriarch
2%
What is the nickname of target 1#? The Operative
2%
What is the nickname of target 2#? The Patron
2%
What is the nickname of Agent Th.? The Professional
2%
What is the nickname of target 2#? The Protégé
2%
What is the nickname of Agent D.? The Rookie
2%
What is the nickname of target 2#? The Schemer
2%
What is the nickname of target 1#? The Socialite
2%
What is the nickname of target 1#? The Successor
2%
What is the nickname of Agent P.? The Trapper
2%
What is the nickname of Agent B.? The Wall
2%
No matching quizzes found
Score Distribution
Percent of People with Each Score
Percentile by Number Answered
Your Score History
You have not taken this quiz